| 000 | 00442 a2200169 4500 | ||
|---|---|---|---|
| 005 | 20250619085209.0 | ||
| 020 | _a0-07-142999-9 | ||
| 082 | _a658.4 COL | ||
| 100 | _aCOLLEY, J. | ||
| 245 | _aCorporate Governance | ||
| 260 |
_aNew York _bMcGraw-Hill Irwin _c2003. |
||
| 300 |
_axii, 259p.:ill.;charts, figures _bindex _c23cm |
||
| 700 | _aJacqueline L. Doyle | ||
| 700 | _aGeorge W. Logan | ||
| 700 | _aWallace Stettinius | ||
| 942 |
_2ddc _cBKS |
||
| 999 |
_c4375 _d4375 |
||